000 00508nam a22001817a 4500
003 330010
005 20250718083725.0
008 250718b sa ||||| |||| 00| 0 eng d
020 _a9781868145225
_qpbk
040 _c3228
082 _a370.11468 SWAR
100 _aSWARTZ, Sharlene
_9195566
245 _aIkasi :
_bThe Moral Ecology Of South Africa's Township Youth
250 _a1st Ed.
260 _aJohannesburg
_bWits University Press
_c2009
300 _axvi, 228 pages
_c23 cm
942 _2ddc
_cBOOK
_w190
_xDudu Mondlane
_y190
_zDudu Mondlane
999 _c780413
_d780412